000 00390 a2200109 4500
001 ART_39674
005 20260410162012.0
008 260409a
245 1 0 _aEl pensamiento de Daisaku Ikeda en una reflexión occidental
100 1 _aGómez Farías, Alberto
773 0 _tPropuestas para la sociedad, el gobierno y la producción
_g- Año 9, Nº 13 (mayo 2006)
_wREV39547
999 _c32302
_d32302